000 00714nam a2200217 i 4500
001 91093
003 ES-MaACL
005 20230906180633.0
007 t|
008 050127s1974 fr ||||1| fre d
020 _a2-8017-0001-0
100 1 _aLéonard, André.
_971661
245 1 0 _aCommentaire littéral de la logique de Hegel /
_cpar André Leonard.
260 _aParis :
_bJ. Vrin :
_bInstitut Superieur de Philosophie,
_c1974.
300 _a622 p. ;
_c24 cm.
500 _aIndices.
504 _aBibliografía.
600 0 4 _aHegel, Georg Wilhelm Friedrich-
_xCrítica e interpretación.
_962317
710 2 _aInstitut Supérieur de Philosophie (Louvain)
_94772
852 _aES-MaACL
_jL-11799
_bR.113832
999 _c91093
_d91093